| 000 | 00872nam a2200265 4500 | ||
|---|---|---|---|
| 001 | 03482 | ||
| 003 | HDC | ||
| 007 | cr bn --- | ||
| 008 | 210110p2018 xx fo d 00 g | ||
| 040 | _aHDC | ||
| 245 | 0 | _aIslamic Finance Outlook | |
| 250 | _a2018 Edition | ||
| 260 |
_a[No place] : _b[publisher not identified], _c2018 |
||
| 300 |
_a64 pages : _bIllustrations |
||
| 336 |
_atext _2rdacontent |
||
| 337 |
_acomputer _2rdamedia |
||
| 338 |
_aonline resource _2rdacarrier |
||
| 650 |
_aBanks and banking _zIslamic countries _92759 |
||
| 650 |
_aEconomy industry _92874 |
||
| 650 |
_aFinance _xReligious aspects--Islam _92931 |
||
| 856 | _zRequest full-text at [email protected] | ||
| 942 | _2lcc | ||
| 942 | _cEIS | ||
| 942 | _kREPT 000095 | ||
| 999 |
_c868 _d868 |
||